Biblioteca
Vista normal Vista MARC
  • Judaísmo ortodoxo

Entrada Tema o Materia

Número de registros utilizados en: 2

001 - NUMERO DE CONTROL

  • Campo de control: 6901

003 - IDENTIFICADOR DEL NUMERO DE CONTROL

  • Campo de control: SpMaBN

005 - HORA Y FECHA DE LA ULTIMA TRANSACCIÓN

  • Campo de control: 20220624162351.0

008 - CAMPO DE LONGITUD FIJA

  • Campo fijo de descripción fija: 050708 n anznnbabn |a ana ##

040 ## -

  • : CO-MdFUSB
  • : CO-MdFUSB

150 ## - ENCABEZAMIENTO DE MATERIA-TEMA

  • Téma o Materia: Judaísmo ortodoxo

550 ## - REFERENCIA DE ENVIO "VEASE ADEMAS" - MATERIA

  • Subcampo de control: g
  • Encabezamiento temático o nombre geográfico como elemento de entrada: Sectas judías

550 ## - REFERENCIA DE ENVIO "VEASE ADEMAS" - MATERIA

  • Encabezamiento temático o nombre geográfico como elemento de entrada: Judíos ultraortodoxos

670 ## - FUENTE EN LA QUE SE LOCALIZARON DATOS

  • Cita de la fuente : LCSH
  • Información localizada : (Orthodox Judaism)

670 ## - FUENTE EN LA QUE SE LOCALIZARON DATOS

  • Cita de la fuente : RAMEAU
  • Información localizada : (Judaïsme orthodoxe)

750 #7 - ASIENTO LIGADO AL ENCABEZAMIENTO - TEMATICO

  • Encabezamiento temático : Judaïsme orthodoxe

750 #7 - ASIENTO LIGADO AL ENCABEZAMIENTO - TEMATICO

  • Encabezamiento temático : Orthodox Judaism

750 #7 - ASIENTO LIGADO AL ENCABEZAMIENTO - TEMATICO

  • Encabezamiento temático : Judaisme ortodox

Biblioteca FUSBC | Teléfono: (57+4) 349 88 10 Ext. 141| WhatsApp (+57) 3005338115 
E-mail: biblioteca@unisbc.edu.co | Calle 76 87-14 Robledo Palenque, Medellín, Colombia

Con tecnología Koha